000 01197cam a2200241 4500
001 ABS65365
008 020508n2002 000 0 eng u
035 _a(Sirsi) u117864
245 _aRemoval of an arbitrator
260 _c2002
490 _aArbitration Law Monthly
_v2(3) March 2002, 1-6(6)
520 _aAssessment of "Wicketts and Sterndale v Brine Builders" 2001, unreported, which is significant relating to manner in which arbitrators conduct proceedings, removal of arbitrators, orders for security for costs, peremptory orders, adjustment of fees of removed arbitrator, waiver, and extent to which arbitrator should be liable for costs of judicial proceedings relating to his conduct. Arbitrator was removed after doubts of arbitrators competence, after accused by claimant of allowing costs to escalate.
590 _aABS
650 _aARBITRATORS
650 _aWICKETTS AND STERNDALE V BRINE BUILDERS AND SIEDERER
650 _aARBITRATION ACT 1996 S24
650 _aWAIVERS
650 _aPEREMPTORY ORDERS
650 _aFEES
690 _aMANGEMENT-DISPUTE AVOIDANCE, MANAGEMENT AND RESOLUTION-DISPUTE MANAGEMENT AND RESOLUTION
700 _aMerkin, R
942 _n0
999 _c70187
_d70187